000 00782nam a22001937a 4500
008 100316s2008 ii|||||r|||| 001 0 eng d
020 _a9788184313239
082 _222
_a621.381548
_bBAK
100 _912771
_aBakshi, Uday A.
245 _aMeasurements and Instrumentation/
_cUday A. Bakshi and Ajay V. Bakshi
250 _a3rd ed. rev.
260 _aPune:
_bTechnical Publications, 2008
_c2008
300 _a1 v.:
_bill.;
_c24 cm.
650 _912773
_aElectronic instruments
650 _912773
_aElectronic instruments
700 _912772
_aBakshi, Ajay V.
942 _2ddc
_cBB
999 _c13702
_d13702